[Event "XXI Memorial Edoardo Crespi FIDE"]
[Site "Milano ITA"]
[Date "2000.12.06"]
[Round "3"]
[White "Gravagna, Pierre"]
[Black "Ricci, Marco"]
[Result "0-1"]
[WhiteElo "2028"]
[BlackElo "2155"]
[PlyCount "82"]
[EventDate "2000.12.04"]

1.d4 Nf6 2.Nf3 g6 3.c4 Bg7 4.Nc3 O-O 5.Bg5 d6 6.e3 Nbd7 7.Be2 e5 8.dxe5 
dxe5 9.O-O c6 10.Qc2 Qc7 11.Rad1 a5 12.a3 Nc5 13.Bxf6 Bxf6 14.b4 axb4 15.
axb4 Ne6 16.Ne4 Bg7 17.c5 f5 18.Nd6 e4 19.Nd2 b5 20.Nb1 Qe7 21.g3 Bd7 22.
Rd2 Nc7 23.Rfd1 Be6 24.f3 Nd5 25.Rxd5 Bxd5 26.Nc3 exf3 27.Nxd5 cxd5 28.
Bxf3 Qxe3+ 29.Kg2 d4 30.Bd5+ Kh8 31.Bxa8 Rxa8 32.Rd3 Qe6 33.Rd2 Ra1 34.Re2
Qd5+ 35.Kh3 h6 36.Re8+ Kh7 37.Qg2 Qxg2+ 38.Kxg2 d3 39.Nxb5 d2 40.Rd8 d1=Q 
41.Rxd1 Rxd1 0-1

[Event "XXI Memorial Edoardo Crespi FIDE"]
[Site "Milano ITA"]
[Date "2000.12.06"]
[Round "3"]
[White "Hitzgerova, Gabriela"]
[Black "Brovelli, Claudio"]
[Result "1/2-1/2"]
[WhiteElo "2248"]
[BlackElo "2150"]
[PlyCount "61"]
[EventDate "2000.12.04"]

1.e4 e6 2.d4 d5 3.e5 c5 4.c3 Nc6 5.Nf3 Bd7 6.a3 Nge7 7.b4 c4 8.g3 Nf5 9.
Bh3 Be7 10.O-O h6 11.Ne1 Qb6 12.Be3 a5 13.Nc2 h5 14.Nd2 Qd8 15.bxa5 Rxa5 
16.Nb4 Qa8 17.Qc1 g5 18.Bg2 Nxb4 19.cxb4 Ra7 20.Qb2 Ra4 21.Bf3 b5 22.Bd1 
Ra7 23.Bc2 g4 24.Bxf5 exf5 25.Nb1 h4 26.Nc3 Qc6 27.Qd2 Rh5 28.Bf4 Qa8 29.
Qb2 Kf8 30.Ra2 Kg7 31.Re1 1/2-1/2

[Event "XXI Memorial Edoardo Crespi FIDE"]
[Site "Milano ITA"]
[Date "2000.12.06"]
[Round "3"]
[White "Lanzani, Mario"]
[Black "Cebalo, Miso"]
[Result "1/2-1/2"]
[WhiteElo "2419"]
[BlackElo "2520"]
[PlyCount "58"]
[EventDate "2000.12.04"]

1.e4 c5 2.Nf3 d6 3.d4 cxd4 4.Nxd4 Nf6 5.f3 g6 6.c4 Bg7 7.Nc3 O-O 8.Be3 Nc6
9.Qd2 Nxd4 10.Bxd4 Be6 11.Rc1 Qa5 12.Be3 Rfc8 13.b3 Nd7 14.Nd5 Qd8 15.Be2 
b5 16.O-O bxc4 17.Bxc4 a5 18.Bb5 Nc5 19.Rfd1 Rab8 20.Qe2 Qf8 21.Rc2 Bxd5 
22.Rxd5 h5 23.g3 Kh7 24.Kg2 e6 25.Rd1 Qe7 26.Bxc5 Rxc5 27.Rxc5 dxc5 28.Rd7
Qf8 29.a4 Rd8 1/2-1/2

[Event "XXI Memorial Edoardo Crespi FIDE"]
[Site "Milano ITA"]
[Date "2000.12.06"]
[Round "3"]
[White "Orsi, Massimiliano"]
[Black "Bevilacqua, Maurizio"]
[Result "1-0"]
[WhiteElo "2100"]
[BlackElo "2110"]
[PlyCount "53"]
[EventDate "2000.12.04"]

1.e4 c5 2.Nf3 d6 3.d4 cxd4 4.Nxd4 Nf6 5.Nc3 a6 6.Bg5 Nbd7 7.f4 Qc7 8.Qf3 
e6 9.O-O-O b5 10.Bxb5 axb5 11.Ndxb5 Qb8 12.e5 Bb7 13.Qe2 d5 14.exf6 gxf6 
15.Rxd5 fxg5 16.Rxd7 Kxd7 17.Rd1+ Ke8 18.Kb1 gxf4 19.Qc4 Be7 20.Nc7+ Kf8 
21.Qxf4 Bc8 22.Qh6+ Kg8 23.Ne8 f5 24.Rd3 Qe5 25.Nb5 Ba6 26.Rg3+ Kf7 27.
Qh5+ 1-0

[Event "XXI Memorial Edoardo Crespi FIDE"]
[Site "Milano ITA"]
[Date "2000.12.06"]
[Round "3"]
[White "Raineri, Valerio"]
[Black "Colombo, Alberto"]
[Result "1/2-1/2"]
[WhiteElo "2136"]
[BlackElo "2165"]
[PlyCount "198"]
[EventDate "2000.12.04"]

1.e4 e6 2.d3 d5 3.Qe2 Nf6 4.g3 dxe4 5.dxe4 e5 6.Bg2 Nc6 7.c3 Bc5 8.Nf3 a5 
9.O-O O-O 10.h3 b6 11.Rd1 Ba6 12.Qc2 Qe7 13.Bg5 Rad8 14.Bf1 Bxf1 15.Rxf1 
h6 16.Bxf6 Qxf6 17.Kg2 Qd6 18.a4 Qd3 19.Qxd3 Rxd3 20.Nbd2 Rfd8 21.Nc4 f6 
22.Ne1 R3d7 23.Nc2 Ne7 24.Kf3 Nc8 25.Ke2 Nd6 26.Nd2 Nf7 27.Rad1 Ng5 28.h4 
Ne6 29.f3 g6 30.Rfe1 f5 31.Nf1 Kf7 32.Rxd7+ Rxd7 33.Nfe3 Bxe3 34.Nxe3 fxe4
35.Ng4 exf3+ 36.Kxf3 Rd2 37.Nxh6+ Kg7 38.Ng4 Rxb2 39.Nxe5 Nc5 40.Nc6 Rb3 
41.Re7+ Kf6 42.Rxc7 Rxc3+ 43.Ke2 Rxg3 44.Nxa5 Nxa4 45.Nc4 b5 46.Ne3 Rh3 
47.Rc6+ Kg7 48.Ng2 Nc3+ 49.Kf2 Ne4+ 50.Ke2 Ng3+ 51.Kf2 Nh5 52.Rb6 Rb3 53.
Ne3 Nf6 54.Rb7+ Kh6 55.Rb8 b4 56.Rh8+ Kg7 57.Rb8 Rb1 58.Ke2 Rb3 59.Nc4 Ne4
60.Ne5 Ng3+ 61.Kd2 Nf5 62.Nd3 Nxh4 63.Rxb4 Nf3+ 64.Ke2 Rxb4 65.Nxb4 Nd4+ 
66.Kf2 Kf6 67.Nd5+ Ke5 68.Ne3 Ke4 69.Nf1 Nf5 70.Kg2 Kf4 71.Nh2 Nh4+ 72.Kf2
g5 73.Ke2 Ng2 74.Kf2 Ne3 75.Ke2 Nf5 76.Kf2 Nd4 77.Kg2 Nc2 78.Nf1 g4 79.Kf2
Nb4 80.Ng3 Nd3+ 81.Kg2 Ne1+ 82.Kf2 Nf3 83.Ne2+ Kg5 84.Kg3 Nh4 85.Nc1 Nf5+ 
86.Kg2 Kh4 87.Ne2 Ne3+ 88.Kf2 Nc4 89.Kg2 Ne5 90.Kf2 Kh3 91.Nf4+ Kh2 92.Nh5
Nc4 93.Ke2 Nd6 94.Ke3 Ne8 95.Kf4 Kh3 96.Ng3 Nf6 97.Nf5 Nh5+ 98.Ke3 Ng7 99.
Nxg7 g3 1/2-1/2

[Event "XXI Memorial Edoardo Crespi FIDE"]
[Site "Milano ITA"]
[Date "2000.12.06"]
[Round "3"]
[White "Rossi, Giampiero"]
[Black "Barberi, Alessandro"]
[Result "0-1"]
[WhiteElo "2101"]
[BlackElo "2113"]
[PlyCount "128"]
[EventDate "2000.12.04"]

1.d4 g6 2.c4 Bg7 3.g3 d6 4.Bg2 c6 5.Nc3 Nd7 6.Nf3 Ngf6 7.O-O O-O 8.Qc2 Qc7
9.Rd1 b6 10.b3 Bb7 11.Bb2 Rfe8 12.Rac1 Rad8 13.e3 Nf8 14.d5 c5 15.Ne4 e5 
16.Nxf6+ Bxf6 17.Ne1 Bg7 18.Rb1 f5 19.Nd3 Qf7 20.Re1 g5 21.f4 gxf4 22.exf4
e4 23.Nf2 Bd4 24.Kh1 h5 25.h4 Qg6 26.Kh2 Nh7 27.Rbd1 Qg7 28.Bc1 Nf6 29.Be3
Kh8 30.Bh3 Rg8 31.Nh1 Bc8 32.Qf2 Bc3 33.Re2 b5 34.Rc2 b4 35.Qe2 Rde8 36.
Qf2 Re7 37.Qe2 a5 38.Rg1 Ra7 39.Rb1 a4 40.Qf2 Bd7 41.Qe2 Rga8 42.Nf2 axb3 
43.axb3 Ra4 44.Nd1 Bd4 45.Kg2 Qf7 46.Qf2 Ba1 47.Bc1 e3 48.Qxe3 Bd4 49.Qd3 
Ne4 50.Bb2 Bxb2 51.Rcxb2 Rg8 52.Kh2 Rxg3 53.Qe2 Qg6 54.Qf1 Ra8 55.Rg2 Rg8 
56.Rbb2 Qf6 57.Rxg3 Rxg3 58.Re2 Qxh4 59.Nf2 Qxf4 60.Rxe4 Rxh3+ 61.Kxh3 
fxe4+ 62.Kg2 e3 63.Qa1+ Kh7 64.Nd1 Qe4+ 0-1

[Event "XXI Memorial Edoardo Crespi FIDE"]
[Site "Milano ITA"]
[Date "2000.12.06"]
[Round "3"]
[White "Zanellato, Lorenzo"]
[Black "Mariano, Elia"]
[Result "0-1"]
[WhiteElo "2112"]
[BlackElo "2093"]
[PlyCount "110"]
[EventDate "2000.12.04"]

1.d4 d5 2.c4 e6 3.Nc3 Nf6 4.Bg5 c6 5.e3 Nbd7 6.Nf3 Qa5 7.Nd2 Bb4 8.Qc2 O-O
9.Be2 Ne4 10.Ndxe4 dxe4 11.Bh4 e5 12.O-O exd4 13.exd4 f5 14.a3 Bd6 15.c5 
Bb8 16.Qb3+ Kh8 17.Be7 Qc7 18.g3 Re8 19.Bd6 Qd8 20.Bxb8 Rxb8 21.Qc2 Nf6 
22.Rad1 Be6 23.b3 Nd5 24.Nxd5 Bxd5 25.Bc4 Qd7 26.Bxd5 Qxd5 27.Qc4 Rbd8 28.
Qa4 a6 29.Qc4 Rd7 30.Rd2 e3 31.Qxd5 Rxd5 32.Re2 Rxd4 33.fxe3 Rd5 34.b4 g6 
35.Kf2 Rd3 36.Ra1 Kg7 37.Raa2 Kf6 38.a4 Re4 39.b5 Rc4 40.bxa6 bxa6 41.Rec2
Rdc3 42.Rxc3 Rxc3 43.Rb2 Rxc5 44.Rb6 a5 45.Ra6 Ke5 46.Kf3 g5 47.h3 h5 48.
Ra8 g4+ 49.Ke2 Ke4 50.Re8+ Kd5 51.Rd8+ Kc4 52.Rd4+ Kb3 53.Rf4 Re5 54.Kd3 
c5 55.e4 c4+ 0-1

[Event "XXI Memorial Edoardo Crespi FIDE"]
[Site "Milano ITA"]
[Date "2000.12.06"]
[Round "3"]
[White "Zinani, Alessandro"]
[Black "Perissinotto, Claudio"]
[Result "1-0"]
[WhiteElo "2201"]
[BlackElo "2130"]
[PlyCount "85"]
[EventDate "2000.12.04"]

1.d4 d5 2.Bg5 c6 3.e3 Bf5 4.Nf3 Nd7 5.Nbd2 h6 6.Bh4 Ngf6 7.Be2 e6 8.O-O 
Be7 9.Bg3 O-O 10.Ne5 Nxe5 11.Bxe5 Nd7 12.Bg3 c5 13.c3 Qb6 14.Qb3 c4 15.
Qxb6 Nxb6 16.Bd1 a5 17.Re1 Rac8 18.f3 Bd3 19.e4 Rfd8 20.Nf1 Bd6 21.Bxd6 
Rxd6 22.Ng3 Nd7 23.Ba4 Nb6 24.Bd1 Nd7 25.Be2 Bxe2 26.Rxe2 b5 27.a3 Rb8 28.
exd5 Rxd5 29.Nf1 Nb6 30.Ne3 Rd7 31.f4 Nd5 32.Nxd5 Rxd5 33.Kf2 b4 34.axb4 
axb4 35.Re4 Rdb5 36.Re5 Rxe5 37.dxe5 bxc3 38.bxc3 Rc8 39.Ke3 Kh7 40.g4 Kg6
41.Ke4 Rc7 42.h4 f5+ 43.gxf5+ 1-0

[Event "XXI Memorial Edoardo Crespi FIDE"]
[Site "Milano ITA"]
[Date "2000.12.06"]
[Round "4"]
[White "Barberi, Alessandro"]
[Black "Cazzaniga, Walter"]
[Result "1/2-1/2"]
[WhiteElo "2113"]
[BlackElo "2170"]
[PlyCount "85"]
[EventDate "2000.12.04"]

1.d4 Nf6 2.Nf3 g6 3.b3 Bg7 4.Bb2 d6 5.Nbd2 Nc6 6.d5 Nb4 7.e4 e5 8.a3 Na6 
9.Bb5+ Bd7 10.c4 Nc5 11.Bxd7+ Qxd7 12.Qe2 a5 13.O-O Nh5 14.g3 Qg4 15.Nd4 
Qh3 16.Nb5 O-O 17.b4 Na6 18.c5 dxc5 19.bxc5 Nxc5 20.Nxc7 Rac8 21.d6 Ne6 
22.Rac1 Rfd8 23.Nxe6 Qxe6 24.Nc4 Bh6 25.Rc2 b5 26.Nxe5 Rxc2 27.Qxc2 f6 28.
Nc6 Rxd6 29.Nd4 Qd7 30.Qb3+ Kg7 31.Nxb5 Rd3 32.Qc4 Nf4 33.Qc7 Ne2+ 34.Kg2 
Qxc7 35.Nxc7 Rb3 36.Ba1 Nc3 37.Nd5 Nxe4 38.Re1 Rxa3 39.Bd4 Nd6 40.Re7+ Kf8
41.Bc5 Rd3 42.Bxd6 Rxd5 43.Re6+ 1/2-1/2

[Event "XXI Memorial Edoardo Crespi FIDE"]
[Site "Milano ITA"]
[Date "2000.12.06"]
[Round "4"]
[White "Barlocco, Carlo"]
[Black "Bertazzo, Giorgio"]
[Result "0-1"]
[WhiteElo "2179"]
[BlackElo "2067"]
[PlyCount "96"]
[EventDate "2000.12.04"]

1.d4 Nf6 2.c4 c5 3.d5 b5 4.cxb5 a6 5.Nc3 axb5 6.e4 b4 7.Nb5 d6 8.Bc4 g6 9.
Bf4 Bg7 10.Qe2 O-O 11.h3 Nbd7 12.Rd1 Nb6 13.b3 Nxc4 14.bxc4 Qa5 15.Nf3 
Qxa2 16.Qxa2 Rxa2 17.e5 dxe5 18.Bxe5 Ne4 19.Bxg7 Kxg7 20.O-O Nd6 21.Rfe1 
Nxb5 22.cxb5 Ra5 23.b6 Rb5 24.Rxe7 Rxb6 25.Rc7 Bf5 26.Rxc5 b3 27.Nd2 b2 
28.g4 b1=Q 29.Nxb1 Rxb1 30.Rxb1 Bxb1 31.f3 Rd8 32.Ra5 Bc2 33.Rb5 Bd3 34.
Rc5 Ba6 35.Kf2 Bb7 36.Rb5 Bxd5 37.Kg3 Ba8 38.Rb3 Rd7 39.Ra3 Bc6 40.h4 h6 
41.Rc3 Rd6 42.Ra3 Rd1 43.Rc3 Bd5 44.Ra3 Kf6 45.Re3 g5 46.hxg5+ hxg5 47.Kg2
Rd4 48.Kg3 Rf4 0-1

[Event "XXI Memorial Edoardo Crespi FIDE"]
[Site "Milano ITA"]
[Date "2000.12.06"]
[Round "4"]
[White "Bevilacqua, Maurizio"]
[Black "Cavatorta, Fosco"]
[Result "1-0"]
[WhiteElo "2110"]
[BlackElo "2014"]
[PlyCount "159"]
[EventDate "2000.12.04"]

1.d4 Nc6 2.e4 e5 3.d5 Nce7 4.f4 Ng6 5.Ne2 Bc5 6.Nbc3 Bb4 7.Qd3 exf4 8.Nxf4
Ne5 9.Qg3 Ng6 10.Bd3 Nf6 11.O-O d6 12.h3 Bc5+ 13.Kh1 Bd7 14.Bd2 Qe7 15.
Rae1 Bd4 16.Re2 Be5 17.Qf2 a6 18.Nd1 Nxf4 19.Bxf4 Bxf4 20.Qxf4 Qe5 21.
Qxe5+ dxe5 22.Kh2 O-O 23.c4 b6 24.a3 a5 25.Ref2 a4 26.Ne3 Ra5 27.Rf3 Ne8 
28.c5 Rxc5 29.Nc4 Nd6 30.Nxe5 Bb5 31.R1f2 Re8 32.Nxf7 Bxd3 33.Nxd6 cxd6 
34.Rxd3 Rxe4 35.Rf5 Rb5 36.Rd2 Rb3 37.Rdf2 Re8 38.Rc2 Rf8 39.Rg5 h6 40.Rg4
Rd3 41.Rxa4 Rxd5 42.Ra7 Rg5 43.Rb7 b5 44.Rd2 Rff5 45.h4 Rg4 46.Kh3 h5 47.
Rb6 Rf1 48.g3 Rg1 49.Rd3 Re4 50.Rxb5 g6 51.Rd2 Re3 52.Rg5 Re6 53.Kh2 Rge1 
54.Rf2 Kg7 55.Ra5 Re7 56.Rd5 R7e2 57.Kg2 Rxf2+ 58.Kxf2 Rc1 59.Ke3 Rg1 60.
Kf4 Rf1+ 61.Ke3 Rg1 62.Kf2 Rh1 63.b4 Rh2+ 64.Ke3 Rg2 65.Kf3 Ra2 66.Rd3 Kf7
67.Ke3 Ke6 68.Kd4 Rc2 69.Re3+ Kd7 70.a4 Ra2 71.a5 Kc6 72.Re6 Kb5 73.Rxg6 
Kxb4 74.Rg5 Ra3 75.a6 Rxa6 76.Rxh5 Rc6 77.Rg5 Rc5 78.Rg7 Kb3 79.Rg4 Kc2 
80.h5 1-0

[Event "XXI Memorial Edoardo Crespi FIDE"]
[Site "Milano ITA"]
[Date "2000.12.06"]
[Round "4"]
[White "Bonanno, Alessandro"]
[Black "Astengo, Corrado"]
[Result "0-1"]
[WhiteElo "2072"]
[BlackElo "2150"]
[PlyCount "90"]
[EventDate "2000.12.04"]

1.e4 c5 2.Nf3 d6 3.d4 Nf6 4.Nc3 cxd4 5.Nxd4 a6 6.Bc4 e6 7.Bb3 Nbd7 8.f4 
Qc7 9.O-O Nc5 10.Kh1 b5 11.a3 Bb7 12.f5 e5 13.Nf3 Nxb3 14.cxb3 Nxe4 15.
Nxe4 Bxe4 16.Be3 Be7 17.Rc1 Qb7 18.Qe1 O-O 19.Qg3 Kh8 20.Ng5 Bxg5 21.Bxg5 
f6 22.Bd2 Rfc8 23.Ba5 Rxc1 24.Rxc1 Rc8 25.Rd1 d5 26.Qg4 d4 27.h4 Rc2 28.
Rd2 Rc1+ 29.Kh2 Rf1 30.Qh5 Qc8 31.g4 Rh1+ 32.Kg3 Qg8 33.Kf2 Rh2+ 34.Ke1 
Rh1+ 35.Kf2 Qxb3 36.Qe8+ Qg8 37.Qe6 Qxe6 38.fxe6 Kg8 39.Bb4 Rxh4 40.Kg3 
Rh1 41.a4 bxa4 42.Re2 Bg6 43.Kg2 Rc1 44.Kf3 Be8 45.g5 Bh5+ 0-1

[Event "XXI Memorial Edoardo Crespi FIDE"]
[Site "Milano ITA"]
[Date "2000.12.06"]
[Round "4"]
[White "Brovelli, Claudio"]
[Black "Galli, Fabio"]
[Result "0-1"]
[WhiteElo "2150"]
[BlackElo "2107"]
[PlyCount "62"]
[EventDate "2000.12.04"]

1.d4 d5 2.c4 c6 3.Nf3 e6 4.Nc3 Bd6 5.e4 dxe4 6.Nxe4 Bb4+ 7.Bd2 Bxd2+ 8.
Qxd2 Nf6 9.Bd3 Nxe4 10.Bxe4 Nd7 11.Rd1 Nf6 12.Bb1 O-O 13.O-O b5 14.Ne5 
bxc4 15.Qc2 Qd5 16.Rfe1 Bb7 17.Nf3 Rfd8 18.Re5 Qd6 19.Rde1 Rac8 20.Qxc4 
Nd5 21.Qc2 g6 22.Qd2 c5 23.Ng5 Qf8 24.Ne4 cxd4 25.Qxd4 Qg7 26.Rd1 Rd7 27.
Nc3 Nxc3 28.Qxd7 Nxd1 29.Re1 Qxb2 30.Qxd1 Bd5 31.a4 Bb3 0-1

[Event "XXI Memorial Edoardo Crespi FIDE"]
[Site "Milano ITA"]
[Date "2000.12.06"]
[Round "4"]
[White "Cebalo, Miso"]
[Black "Foisor, Cristina-Adela"]
[Result "1-0"]
[WhiteElo "2520"]
[BlackElo "2386"]
[PlyCount "85"]
[EventDate "2000.12.04"]

1.d4 g6 2.c4 Bg7 3.e4 d6 4.Nc3 e5 5.dxe5 dxe5 6.Qxd8+ Kxd8 7.f4 Be6 8.Nf3 
Nd7 9.Be2 h6 10.O-O Ne7 11.Be3 exf4 12.Bxf4 g5 13.Bg3 Nc6 14.Rad1 Rc8 15.
Rd2 Ke8 16.Nb5 Nde5 17.Nxe5 Bxe5 18.Bxe5 Nxe5 19.Nxa7 Rd8 20.Rxd8+ Kxd8 
21.Nb5 Nxc4 22.Rd1+ Ke7 23.Nxc7 Nd6 24.e5 Nf5 25.Nxe6 fxe6 26.Bb5 Rc8 27.
Rd7+ Kf8 28.Bd3 b5 29.Rb7 Nd4 30.Kf2 Rc5 31.Ke3 Nf5+ 32.Bxf5 exf5 33.Kd4 
Rc2 34.e6 Rxb2 35.Ke5 Rxa2 36.Kf6 Ra8 37.Rxb5 f4 38.h3 Kg8 39.Rb7 Rf8+ 40.
Rf7 Ra8 41.Rd7 Rb8 42.Kg6 Kf8 43.e7+ 1-0

[Event "XXI Memorial Edoardo Crespi FIDE"]
[Site "Milano ITA"]
[Date "2000.12.06"]
[Round "4"]
[White "Colombo, Alberto"]
[Black "Orsi, Massimiliano"]
[Result "1-0"]
[WhiteElo "2165"]
[BlackElo "2100"]
[PlyCount "71"]
[EventDate "2000.12.04"]

1.Nf3 d5 2.d4 e6 3.c3 c5 4.e3 Nf6 5.Bd3 Nc6 6.Nbd2 Be7 7.O-O O-O 8.Qe2 Qb6
9.dxc5 Bxc5 10.e4 dxe4 11.Nxe4 Nxe4 12.Qxe4 f5 13.Qe2 Be7 14.Bc4 Na5 15.
Bb5 a6 16.Ba4 Qc7 17.Ne5 Bf6 18.Re1 b5 19.Bc2 Bxe5 20.Qxe5 Qxe5 21.Rxe5 
Nc4 22.Re2 Kf7 23.b3 Nb6 24.Bf4 Nd5 25.Be5 g5 26.Rd1 Ra7 27.c4 Nb4 28.Bd6 
Nxa2 29.Bxf8 Nc3 30.Rd8 Nxe2+ 31.Kf1 Rd7 32.Rxc8 Rd2 33.cxb5 Nd4 34.bxa6 
Nxc2 35.a7 Nd4 36.Ke1 1-0

[Event "XXI Memorial Edoardo Crespi FIDE"]
[Site "Milano ITA"]
[Date "2000.12.06"]
[Round "4"]
[White "Foisor, Ovidiu-Doru"]
[Black "Zinani, Alessandro"]
[Result "1/2-1/2"]
[WhiteElo "2404"]
[BlackElo "2201"]
[PlyCount "93"]
[EventDate "2000.12.04"]

1.c4 Nf6 2.Nf3 c6 3.Nc3 d5 4.e3 Nbd7 5.d4 e6 6.Qc2 Bd6 7.Be2 O-O 8.O-O Re8
9.Rd1 Qe7 10.h3 h6 11.a3 Bc7 12.b3 dxc4 13.bxc4 e5 14.a4 e4 15.Nd2 Qd6 16.
Nf1 a6 17.a5 Qe6 18.Ng3 Bxg3 19.fxg3 Qd6 20.g4 Nf8 21.Rf1 Ng6 22.Bd2 Bd7 
23.Rab1 Rab8 24.Be1 Qc7 25.Rxf6 gxf6 26.Nxe4 Kg7 27.Bg3 Qxa5 28.Bxb8 Rxb8 
29.Bd3 Qa3 30.Rf1 Qe7 31.Qf2 b5 32.Nxf6 Be6 33.cxb5 axb5 34.Nh5+ Kh7 35.
Qg3 Rf8 36.Rf6 Bd5 37.Qf4 Ra8 38.Qg3 Ra3 39.Bf1 Qxe3+ 40.Qxe3 Rxe3 41.Rd6 
Re6 42.Rd7 Re7 43.Rd8 Bc4 44.Nf6+ Kg7 45.Nh5+ Kh7 46.Nf6+ Kg7 47.Nh5+ 
1/2-1/2

[Event "XXI Memorial Edoardo Crespi FIDE"]
[Site "Milano ITA"]
[Date "2000.12.06"]
[Round "4"]
[White "Gori, Andrea"]
[Black "Facchetti, Gianni"]
[Result "0-1"]
[WhiteElo "2201"]
[BlackElo "2154"]
[PlyCount "98"]
[EventDate "2000.12.04"]

1.e4 e5 2.Nf3 Nc6 3.Bb5 Bc5 4.O-O Nd4 5.Ba4 Nxf3+ 6.Qxf3 Qf6 7.Qe2 c6 8.c3
d6 9.Kh1 g5 10.b4 Bb6 11.Na3 Be6 12.b5 Ne7 13.Nc4 Bc5 14.Na5 O-O 15.Nxb7 
cxb5 16.Bxb5 Ng6 17.Nxc5 dxc5 18.Qe3 Rfc8 19.Ba6 Rc7 20.d4 cxd4 21.cxd4 
Nf4 22.Bb2 Bh3 23.gxh3 Qxa6 24.dxe5 Rb8 25.Ba3 Rbc8 26.Bb4 Rc4 27.a3 Qg6 
28.Rae1 Qh5 29.Rg1 Kh8 30.Rg3 h6 31.Kg1 Kh7 32.Qf3 Qxf3 33.Rxf3 Rc1 34.Kf1
R1c2 35.h4 Kg6 36.hxg5 hxg5 37.Rg3 Rh8 38.Be7 Rxh2 39.Bxg5 Rcxf2+ 40.Kg1 
Rfg2+ 41.Rxg2 Rxg2+ 42.Kf1 Rxg5 43.Rb1 Rxe5 44.Rb7 Ra5 45.Rb3 Ra4 46.Re3 
Kf6 47.Kf2 Ke5 48.Kf3 Ne6 49.Rb3 Nc5 0-1

[Event "XXI Memorial Edoardo Crespi FIDE"]
[Site "Milano ITA"]
[Date "2000.12.06"]
[Round "4"]
[White "Gravagna, Pierre"]
[Black "Vinzoni, Andrea"]
[Result "0-1"]
[WhiteElo "2028"]
[BlackElo "2114"]
[PlyCount "78"]
[EventDate "2000.12.04"]

1.d4 d5 2.Nf3 Nf6 3.c4 e6 4.Nc3 Nbd7 5.cxd5 exd5 6.Bg5 Be7 7.e3 O-O 8.Bd3 
c6 9.Qc2 Re8 10.O-O Nf8 11.Rab1 Bg4 12.Ne5 Bh5 13.b4 a6 14.a4 N6d7 15.Bxe7
Qxe7 16.Nxd7 Qxd7 17.b5 axb5 18.axb5 Ng6 19.bxc6 bxc6 20.Rb6 Nh4 21.Be2 
Bg6 22.Qb3 Rac8 23.Rd1 h5 24.Na4 Qf5 25.Nc5 Qg5 26.Bf1 Bf5 27.Kh1 Bg4 28.
f4 Qe7 29.Re1 Nf5 30.Rb7 Qh4 31.Qc3 Ra8 32.Rb2 Ra3 33.Nb3 Ra7 34.Rbb1 Rae7
35.Qxc6 Nxe3 36.Bd3 Qf2 37.Rg1 Bf3 38.Bf1 Nxf1 39.Rbxf1 Bxg2+ 0-1

[Event "XXI Memorial Edoardo Crespi FIDE"]
[Site "Milano ITA"]
[Date "2000.12.06"]
[Round "4"]
[White "Laketic, Gojko"]
[Black "Lanzani, Mario"]
[Result "1/2-1/2"]
[WhiteElo "2471"]
[BlackElo "2419"]
[PlyCount "126"]
[EventDate "2000.12.04"]

1.d4 Nf6 2.Nf3 e6 3.g3 b6 4.Bg2 Bb7 5.c4 Bb4+ 6.Nbd2 O-O 7.O-O d5 8.a3 Be7
9.b4 c5 10.bxc5 bxc5 11.Rb1 Qc8 12.Qb3 Ba6 13.Bb2 Nbd7 14.Rfc1 Rb8 15.Qa2 
dxc4 16.Nxc4 Bb7 17.Ncd2 Bd5 18.Qa1 Qd8 19.Rc2 Qa5 20.Rbc1 Rfc8 21.Ne1 
Bxg2 22.Nxg2 Qa6 23.Nf3 cxd4 24.Nxd4 Rxc2 25.Rxc2 Rc8 26.Rxc8+ Qxc8 27.Qc1
Qxc1+ 28.Bxc1 Nd5 29.Nc6 Bc5 30.Ne1 Kf8 31.Nd3 Bb6 32.a4 a6 33.a5 Bc7 34.
Ba3+ Ke8 35.e4 Nc3 36.f3 Nb5 37.Bb2 g6 38.Kg2 Nb8 39.Nxb8 Bxb8 40.Nc5 Bc7 
41.Nxa6 Bxa5 42.Nc5 Bc3 43.Bxc3 Nxc3 44.f4 Ke7 45.e5 f6 46.exf6+ Kxf6 47.
Kf3 Nb5 48.Ne4+ Kg7 49.Nc5 Kf6 50.g4 h6 51.h4 h5 52.Ne4+ Kf7 53.gxh5 gxh5 
54.Ng3 Nd6 55.Nxh5 Nf5 56.Kg4 Ne3+ 57.Kg5 Nf5 58.Kg4 Nh6+ 59.Kh3 e5 60.
fxe5 Ke6 61.Nf6 Kxe5 62.Ng4+ Nxg4 63.Kxg4 Kf6 1/2-1/2

[Event "XXI Memorial Edoardo Crespi FIDE"]
[Site "Milano ITA"]
[Date "2000.12.06"]
[Round "4"]
[White "Perissinotto, Claudio"]
[Black "Bozzali, Ermanno"]
[Result "1-0"]
[WhiteElo "2130"]
[BlackElo "2085"]
[PlyCount "48"]
[EventDate "2000.12.04"]

1.e4 c5 2.c3 Nf6 3.e5 Nd5 4.d4 e6 5.c4 Nb6 6.a4 d5 7.exd6 Qxd6 8.Nf3 cxd4 
9.Qxd4 Qxd4 10.Nxd4 Bb4+ 11.Bd2 Bxd2+ 12.Nxd2 a6 13.Be2 N8d7 14.a5 e5 15.
Nc2 Nc5 16.axb6 Bf5 17.Ne3 Nd3+ 18.Bxd3 Bxd3 19.Nf3 f6 20.O-O-O Be4 21.Nd5
Bxf3 22.gxf3 O-O-O 23.Ne7+ Kb8 24.Rxd8+ Rxd8 1-0

[Event "XXI Memorial Edoardo Crespi FIDE"]
[Site "Milano ITA"]
[Date "2000.12.06"]
[Round "4"]
[White "Qendro, Llambi"]
[Black "Ricci, Marco"]
[Result "1/2-1/2"]
[WhiteElo "2357"]
[BlackElo "2155"]
[PlyCount "74"]
[EventDate "2000.12.04"]

1.d4 Nf6 2.c4 g6 3.g3 Bg7 4.Bg2 O-O 5.Nc3 d6 6.Nf3 Nbd7 7.O-O e5 8.h3 c6 
9.e4 Qb6 10.b3 exd4 11.Na4 Qa5 12.Nxd4 Nc5 13.Bd2 Qc7 14.Nxc5 dxc5 15.Ne2 
Ne8 16.Bc3 f5 17.Qc2 fxe4 18.Qxe4 Nd6 19.Qc2 Bf5 20.Qb2 Bd3 21.Bxg7 Qxg7 
22.Qxg7+ Kxg7 23.Rfe1 Bxe2 24.Rxe2 Nf5 25.Rd1 Nd4 26.Re7+ Rf7 27.Rde1 Rf8 
28.R1e5 Rxe7 29.Rxe7+ Rf7 30.Re8 Kf6 31.h4 Re7 32.Rf8+ Ke5 33.g4 Ne2+ 34.
Kh2 Nf4 35.Kg3 Nxg2 36.Kh2 Nf4 37.Kg3 Ne2+ 1/2-1/2

[Event "XXI Memorial Edoardo Crespi FIDE"]
[Site "Milano ITA"]
[Date "2000.12.06"]
[Round "4"]
[White "Rossi, Giampiero"]
[Black "Zanellato, Lorenzo"]
[Result "1-0"]
[WhiteElo "2101"]
[BlackElo "2112"]
[PlyCount "104"]
[EventDate "2000.12.04"]

1.d4 f5 2.Bg5 g6 3.e3 Bg7 4.Bd3 d6 5.Ne2 Nc6 6.c3 Nf6 7.Nd2 e5 8.f3 h6 9.
Bh4 Qe7 10.Qc2 d5 11.O-O g5 12.Bf2 e4 13.fxe4 fxe4 14.Bb5 O-O 15.Ba4 Be6 
16.b4 Ng4 17.h3 Nxf2 18.Rxf2 Rxf2 19.Kxf2 Rf8+ 20.Kg1 Nd8 21.Rf1 Nf7 22.
Bb3 b5 23.Ng3 Nd6 24.Rxf8+ Kxf8 25.Ndf1 c6 26.Qf2+ Qf7 27.Nd2 Ke7 28.Qxf7+
Kxf7 29.Kf2 Bf6 30.Nh5 Bd8 31.g4 Ke7 32.a3 a5 33.Ng3 a4 34.Bc2 Bf7 35.c4 
dxc4 36.Ndxe4 Be6 37.Nc3 Bb6 38.Nge4 Nxe4+ 39.Bxe4 Kd6 40.Kf3 Bd8 41.Bg6 
Bd7 42.e4 Bb6 43.e5+ Ke6 44.Ke4 Bc7 45.Bf5+ Ke7 46.d5 cxd5+ 47.Nxd5+ Kd8 
48.e6 Bxe6 49.Bxe6 Bd6 50.Nc3 Ke7 51.Bd5 Kf6 52.Nxb5 Be7 1-0

[Event "XXI Memorial Edoardo Crespi FIDE"]
[Site "Milano ITA"]
[Date "2000.12.07"]
[Round "5"]
[White "Astengo, Corrado"]
[Black "Qendro, Llambi"]
[Result "0-1"]
[WhiteElo "2150"]
[BlackElo "2357"]
[PlyCount "34"]
[EventDate "2000.12.04"]

1.e4 g6 2.d4 Bg7 3.Be3 c6 4.c4 d5 5.Nc3 dxe4 6.Nxe4 Nd7 7.Qd2 Ngf6 8.Nxf6+
Nxf6 9.h3 Ne4 10.Qb4 Bxd4 11.Rd1 Qb6 12.Qxb6 Bxb6 13.Bxb6 axb6 14.Bd3 Nc5 
15.Bb1 Na4 16.Rd2 Be6 17.Be4 Nc5 0-1

[Event "XXI Memorial Edoardo Crespi FIDE"]
[Site "Milano ITA"]
[Date "2000.12.07"]
[Round "5"]
[White "Ricci, Marco"]
[Black "Foisor, Ovidiu-Doru"]
[Result "0-1"]
[WhiteElo "2155"]
[BlackElo "2404"]
[PlyCount "104"]
[EventDate "2000.12.04"]

1.e4 e6 2.d4 d5 3.Nd2 Nf6 4.e5 Nfd7 5.Bd3 c5 6.c3 b6 7.Ne2 Ba6 8.Bc2 Nc6 
9.Nf3 Be7 10.O-O h5 11.Be3 Rc8 12.Ne1 b5 13.f4 g6 14.Nf3 b4 15.Ng5 Bxg5 
16.fxg5 cxd4 17.cxd4 Qb6 18.Bd3 Bxd3 19.Qxd3 Ne7 20.Rfc1 O-O 21.Qd2 Nf5 
22.Kf2 Nb8 23.Rxc8 Rxc8 24.Rc1 Rxc1 25.Qxc1 Nc6 26.Qd2 b3 27.axb3 Qxb3 28.
Qc3 Qb6 29.b3 Kg7 30.g3 Nfe7 31.h4 Nf5 32.Kf3 Kf8 33.Kf2 Ke8 34.Kf3 Kd7 
35.Kf2 Qa5 36.Bd2 Qb5 37.Be3 Nb4 38.Nc1 a5 39.Bd2 Nc6 40.Be3 Qb4 41.Qxb4 
Nxb4 42.Ne2 Nc2 43.Bd2 Nfxd4 44.Bxa5 Nxe2 45.Kxe2 Nd4+ 46.Kd3 Nxb3 47.Bb6 
Kc6 48.Be3 Kb5 49.Bf4 Na5 50.Be3 Nc6 51.Bf4 Kc5 52.Ke3 Kc4 0-1

[Event "XXI Memorial Edoardo Crespi FIDE"]
[Site "Milano ITA"]
[Date "2000.12.07"]
[Round "5"]
[White "Sveshnikov, Evgeny E."]
[Black "Cebalo, Miso"]
[Result "1/2-1/2"]
[WhiteElo "2568"]
[BlackElo "2520"]
[PlyCount "29"]
[EventDate "2000.12.04"]

1.e4 c5 2.c3 d5 3.exd5 Qxd5 4.Nf3 g6 5.Na3 Bg7 6.Bc4 Qe4+ 7.Be2 Nf6 8.O-O 
O-O 9.Re1 Nc6 10.Bc4 Qf5 11.Nc2 b6 12.d4 Bb7 13.Ne3 Qd7 14.Ne5 Qc7 15.Nxc6
1/2-1/2